000 00810nam a22002777a 4500
001 BR8703715
003 BR-BrBNA
005 20230928092626.0
007 ta
008 230509b bl.||||| |||| 00| 0 por d
040 _aBR-BrBNA
_bpor
_cBiblioteca Nacional de Agricultura
041 _a(Por)
072 _aE14
_b/G514
090 _ E14 BR8703715
110 1 _aSecretaria da Agricultura do Estado de Mato Grosso, Cuiaba (Brasil)
_98213
245 1 _aA agropecuaria no contexto do plano geral do governo do estado de Mato Grosso
260 3 _aCuiaba, MT (Brasil):
_c[nd].
300 _a7 p.
500 _aPublished after 1976
650 _aAGRICULTURA
650 _aPECUARIA
650 _aDESENVOLVIMENTO AGRICOLA
650 _aMATO GROSSO
909 _a202309
_bLucia
_c55
_dLucia Elande
942 _cBK
999 _c40227
_d40227